| 000 | 00905cam a22002531 4500 | ||
|---|---|---|---|
| 001 | sa 66003454 | ||
| 003 | DLC | ||
| 005 | 20260227112236.0 | ||
| 008 | 841018s1964 io a b 000 0 ara | ||
| 010 | _asa 66003454 | ||
| 015 | _aPL480:Indo-2426 | ||
| 035 | _a(OCoLC)11282426 | ||
| 040 |
_aDLC _cWU _dDLC |
||
| 042 | _apremarc | ||
| 050 | 0 | 0 | _aLAW <Indonesia (Republic) 7 Junu 1964> |
| 100 | 1 |
_aYunus, Mahmud, _d1899-1982. |
|
| 245 | 1 | 0 |
_aHukum perkawinan dalam Islam. _bDisusun setjara Buku undang-undang Barat, menurut mazbab Sjafiʼi, Hanafi, Maliki dan Hanbali, serta diberi dalil² dan keterangan jang memuaskan. |
| 250 | _aTjet. 3. | ||
| 260 |
_aDjakarta, _bAl-Hidajah, _c1964. |
||
| 300 |
_axi, 169 p. _billus. _c21 cm. |
||
| 500 | _a"Lampiran" (p. 149-165) includes quotations in Arabic from the Koran and hadith. | ||
| 504 | _aBibliography: p. 169. | ||
| 650 | 0 | _aMarriage (Islamic law) | |
| 999 |
_c68899 _d68899 |
||